000 01011nam a2200289 a 4500
001 54699
003 BD-RjUL
005 20211209080146.0
008 161109s2009 enka b 001 0 eng
020 _a9781420072754 (alk. paper)
020 _a1420072757 (alk. paper)
035 _a(BD-RjUL)54821
040 _aDLC
_cDLC
_dBTCTA
_dBD-RjUL
_beng
041 _aeng
082 0 0 _a518.2502855268
_223
_bQIM 2009
100 1 _aQin, Qing-Hua.
_9163107
245 1 0 _aMATLAB and C programming for Trefftz finite element methods /
_cQing-Hua Qin, Hui Wang.
260 _aBoca Raton :
_bCRC Press,
_cc2009.
300 _a450 p. :
_bill. ;
_c25 cm.
504 _aIncludes bibliographical references and index.
650 0 _aFinite element method
_xData processing.
_9163108
650 0 _aC (Computer program language)
_9118224
700 1 _aWang, Hui,
_d1976-
_9163109
856 4 1 _3Table of contents only
_uhttp://www.loc.gov/catdir/toc/ecip0814/2008013045.html
942 _2ddc
_cBK
999 _c54699
_d54699